000 00626nam a2200229Ia 4500
003 OSt
005 20230511135652.0
008 210423s2011 xx 000 0 und d
020 _a978-93-80748-50-7
040 _cAL
041 _aeng
082 _a547.2 MUKT
100 _aMUKHERJEE (P N)
_9103003
245 _aTextbook of organic reaction mechnism
260 _aNew Delhi
_bDominant Publishers and Distributors
_c2011
300 _a486
_bHB
365 _b1495
_cINR
650 _aChemistry
_9103004
650 _aOrganic Chemistry
_9103005
906 _amechnism ; organic ; reaction ; Textbook
942 _2ddc
_cBK
999 _c165981
_d165981